1862 1628 1907 1520 1530 1554 1175 1512 1422 1672 1351 1385 1344 1132 1166 1205 1701 1179 1167 1717 1415 1388 1985 1253 1231 1254 1501 1790 1146 1073 1875 1341 1111 1183 1220 1978 1170 1224 1265 1561 1403 1080 1454 1748 1791 1915 1100 1242 1776 1492 1325 1630 1835 1650 1332 1598 1025 1639 1547 1081 1208 1004 1251 1521 1672 1021 1481 1491 1506 1417 1351 1573 1692 1858 1598 1578 1935 1114 1829 1212 1648 1496 1886 1445 1127 1229 1877 1856 1012 1808 1653 1417 1967 1774 1166 1294 1220 1944 1778 BCNSPRNW ULIB Ver.6.0+V

เปลี่ยนเป็นภาษาไทย

Change to English
 แสดงรายละเอียดบรรณานุกรม
  กลับหน้าหลัก

Brief Record : Get Marc (ISO 2709) : E-mail record : QR code < ปิดหน้าต่าง
LEADER : 00000nam 2200000uu 4500
001    13399109547
003     ULIB
008    110404s2551||||th 000 0 tha d
020    9789747784503
060 04 WB327^bก637ค 2551
110 1  รีดเดอร์สไดเจสท์(ประเทศไทย)
245 00 เคล็ด(ไม่)ลับเพิ่มพลังสุขภาพ /^cวิศิษฏ์ ยุทธาภรณ์พินิจ,บรรณาธิการ
260    กรุงเทพฯ :^bรีดเดอร์สไดเจสท์(ประเทศไทย),^c2551
300    416 หน้า :^bภาพประกอบ
650  7 สุขภาพกับการออกกำลังกาย
650  7 สุขภาพกับจิตใจ
650  7 สุขภาพกับอาหาร
650  7 สุขภาพ^xการดูแลตนเอง
700 0  วิศิษฏ์ ยุทธาภรณ์พินิจ,^eบรรณาธิการ
945    ^p1990^l0^i024102
945    ^p1990^l0^i024695
995    ทศพร
999 ^a ใช้งานได้ทุกระบบ
รายการนี้ยังไม่มีแท็ก
คุณยังไม่ได้ล็อกอิน คุณสามารถมีกิจกรรมร่วมกับเว็บไซต์ได้ แต่ต้องล็อกอินก่อน ::
  ล็อกอิน

รายการสื่อสารสนเทศ

ลำดับที่ ประเภท เลขเรียก/บาร์โค้ด สถานที่ สถานะ
- ไม่พบข้อมูล -

BibComment


ยังไม่เคยถูกคอมเมนท์

คอมเมนท์ทรัพยากรรายการนี้
  คอมเมนท์: เคล็ดไม่ลับเพิ่มพ..


 Copyright 2026. Bcnsprnw @Library